Diccionario de computación
Saved in:
| Main Author: | |
|---|---|
| Format: | Book |
| Language: | English Spanish |
| Published: |
Madrid
McGraw Hill
1993
|
| Subjects: | |
| Tags: |
Add Tag
No Tags, Be the first to tag this record!
|
MARC
| LEADER | 00000nam a2200000 a 4500 | ||
|---|---|---|---|
| 001 | UCS6175 | ||
| 003 | CL-VaPUC | ||
| 008 | 970912e19930000SP |||||||||||||||||eng|d | ||
| 041 | 0 | 7 | |a eng |2 CL-VaPUC |
| 041 | 0 | 7 | |a spa |2 CL-VaPUC |
| 082 | 0 | 4 | |a 004.03 |b FRE |2 21 |
| 100 | 0 | |a Freedman, Alan |e author |9 391675 | |
| 245 | 1 | 0 | |a Diccionario de computación |
| 300 | |a 934 p | ||
| 942 | |c BK | ||
| 945 | |d 19970912 00:00:00 |a jquezada | ||
| 260 | |a Madrid |b McGraw Hill |c 1993 | ||
| 500 | |a Contiene: 1 disquete | ||
| 650 | 0 | |a Computadores |9 258188 | |
| 650 | 0 | |a Diccionarios |9 256200 | |
| 650 | 0 | |a Informática |9 260044 | |
| 583 | |a last modification |c 19970912 00:00:00 |k Rodrigo Vera | ||
| 999 | |c 262127 |d 262125 | ||
| 952 | |0 0 |1 0 |4 0 |6 004_030000000000000_FRE_1993 |7 0 |8 X |9 290332 |a BIBEDU |b BIBEDU |d 2019-11-19 |i 3349748 |o 004.03 FRE 1993 |p 3349748 |r 2023-01-13 |w 2019-11-19 |y BK_X |k LIT | ||